Statistiques concernant Quiz Voiture: trouvez la marque en fonction de la voiture #5

Cliquez ici pour prendre le quiz!

Statistiques générales

  • Ce quiz a été pris 158 fois
    (155 depuis la dernière actualisation)
  • Le résultat moyen est 5 sur 16

Statistiques - réponses

Réponse% Correct
Acura
79%
Shelby
77%
DS
74%
Triumph
46%
Simca
38%
MG
26%
Ssangyong
24%
Panhard
18%
Polaris
18%
Plymouth
16%
Spyker
15%
Daewoo
13%
Daihatsu
13%
Scion
12%
Oldsmobile
11%
Saturn
9%

Distribution des résultats

Percentile par nombre de réponses

% des personnes avec chaque résultat

Votre développement - résultats

Vous n’avez pas pris ce quiz depuis la dernière actualisation